000 00355 a2200169 4500
001 157100
020 _a9788573193166
040 _cEscola São Tomás de Aquino
100 _aPONTES, Hidelbrando
240 1 0 _aEu
_lpor
245 1 0 _aEu
300 _a24 p.
362 0 _a2007
440 1 _aDimensão
697 _a*LITERATURA INFANTIL
942 _cBK
999 _c157100
_d157100